|
|
|
|
| LEADER |
00000nab a2200000 a 4500 |
| 001 |
vtls008418206 |
| 003 |
SK-MaSNL |
| 005 |
20260304145523.0 |
| 008 |
250505c2005 xo mr|p|||||||000 b|slo |
| 015 |
|
|
|a SNBRB2005/12
|2 snkbucl
|
| 035 |
|
|
|a (uuid)0e40907e-419c-420e-a1de-6e5ef1fed19c
|
| 035 |
|
|
|a urn:nbn:sk:snk-abw72
|
| 035 |
|
|
|a (urnnbn)urn:nbn:sk:snk:ar-a05aed
|
| 038 |
|
|
|a SNKBUCL
|
| 040 |
|
|
|a SNKBUCL
|b slo
|c SNKBUCL
|e AACR2
|
| 041 |
0 |
|
|a slo
|
| 044 |
|
|
|a xo
|c SK
|
| 080 |
|
|
|a 004.35:061.5
|2 1997
|
| 100 |
1 |
|
|a Macko, Ondrej
|4 aut
|9 270160
|
| 245 |
1 |
0 |
|a HP Labs 2005 : Za oponou nových produktov
|c Ondrej Macko
|
| 300 |
|
|
|b Fotogr.
|
| 610 |
2 |
7 |
|a Hewlett-Packard
|2 snkbucl
|9 95867
|
| 611 |
2 |
7 |
|a HP Labs
|d (2005 :
|c Tenerife, Španielsko)
|2 snkbucl
|9 96516
|
| 650 |
0 |
7 |
|a periférne počítačové zariadenia
|2 snkbucl
|9 73708
|
| 650 |
0 |
7 |
|a počítačové tlačiarne
|2 snkbucl
|9 1868
|
| 655 |
|
7 |
|a reportáže
|2 snkbucl
|9 28856
|
| 773 |
0 |
|
|t PC revue
|g Roč. XIII, č. 8 (2005), s. 10-11
|x 1335-0226
|
| 850 |
|
|
|a Slovenská národná knižnica
|
| 852 |
|
|
|a Slovenská národná knižnica
|
| 954 |
|
|
|a odborná, vedecká literatúra pôvodná (slovenská)
|2 lita
|
| 958 |
|
|
|a article27
|
| 958 |
|
|
|a OND
|
| 958 |
|
|
|a EUIPO
|
| 999 |
|
|
|c 2935884
|d 2937814
|